000 00260nam a2200133Ia 4500
100 _aKundu/Pijush K
942 _cBK
245 _aFluid mechanics
260 _bElsevier
_c2008
082 _a532/KUN
_bKUN
300 _a872
546 _aENGLISH
999 _c28895
_d28895